Reconditioning high-volume freeways in urban areas : research sponsored by the American Association of State Highway and Transportation Officials in cooperation with the Federal Highway Administration.

Bibliographic Details
Corporate Authors: National Research Council (U.S.). Transportation Research Board, American Association of State Highway and Transportation Officials, United States. Federal Highway Administration
Format: Book
Language:English
Published: Washington : Transportation Research Board, National Research Council, 1974.
Series:Synthesis of highway practice ; 25.
Subjects:

MARC

Tag First Indicator Second Indicator Subfields
LEADER 00000cam a2200000 i 4500
001 in00000093091
005 20150925085201.0
008 750224s1974 dcu b 00010 eng
010 |a  74017241  
035 |a (OCoLC)01229478 
035 |9 AAL1666AM 
040 |a DLC  |c DLC  |d TXA  |d UtOrBLW 
049 |a TXAM  |c [1232352] 
050 0 0 |a TE220  |b .N37 1974a 
082 0 |a 625.7/6/091732 
110 2 |a National Research Council (U.S.).  |b Transportation Research Board. 
245 1 0 |a Reconditioning high-volume freeways in urban areas :  |b research sponsored by the American Association of State Highway and Transportation Officials in cooperation with the Federal Highway Administration. 
264 1 |a Washington :  |b Transportation Research Board, National Research Council,  |c 1974. 
300 |a 56 pages ;  |c 28 cm. 
336 |a text  |b txt  |2 rdacontent 
337 |a unmediated  |b n  |2 rdamedia 
338 |a volume  |b nc  |2 rdacarrier 
490 1 |a Synthesis of highway practice,  |v 25 
504 |a Bibliography: pages 26-27. 
650 0 |a Express highways  |x Maintenance and repair. 
650 0 |a Pavements  |x Maintenance and repair. 
710 2 |a American Association of State Highway and Transportation Officials. 
710 1 |a United States.  |b Federal Highway Administration. 
830 0 |a Synthesis of highway practice ;  |v 25. 
999 |a MARS 
999 f f |s a146c194-688a-3bc2-aa67-4391029afd6b  |i a1bb43f3-665a-3270-920d-4be9f8056c63  |t 0 
952 f f |p ric  |a Texas A&M University  |b Rellis Campus  |c Joint Library Facility  |d Remote Storage  |t 0  |e TE220 .N37 1974a  |h Library of Congress classification  |i unmediated -- volume  |m A14805388549 
998 f f |a TE220 .N37 1974a  |t 0  |l Remote Storage